00455 a2200169 450000100060000002000180000604000220002410000180004624000170006424500120008130000080009336200090010165000350011094200070014595201160015299900170026859824 a9783401053691 cAnchieta - Pituba aAbedi, Isabel10aWhisperlpor10aWhisper a2750 a2006 4aLiteratura juvenil em alemàƒo cBK 00104070a91.1b91.1d2023-11-21l0oLJ 028.543 A138w ABE WHIp11286/PITr2023-11-21 18:27:54w2023-11-21yBK c59824d59824